书目信息 |
| 题名: |
大脑使用指南
|
|
| 作者: | 赵思家 著 | |
| 分册: | ||
| 出版信息: | 长沙 湖南科学技术出版社 2016 |
|
| 页数: | 17,231页 | |
| 开本: | 24cm | |
| 丛书名: | ||
| 单 册: | ||
| 中图分类: | R338.2 | |
| 科图分类: | ||
| 主题词: | 大脑--da nao--基本知识 | |
| 电子资源: | ||
| ISBN: | 978-7-5357-9081-1 | |
| 000 | 01065nam0 22002651 450 | |
| 001 | 0102164834 | |
| 005 | 20170502164834.0 | |
| 010 | @a978-7-5357-9081-1@dCNY45.00 | |
| 100 | @a20170425d2016 em y0chiy50 ea | |
| 101 | 0 | @achi@ceng |
| 102 | @aCN@b430000 | |
| 105 | @aa z 001yy | |
| 106 | @ar | |
| 200 | 1 | @a大脑使用指南@9da nao shi yong zhi nan@dGuide to the brain@e其实你活在大脑创造的虚拟世界里@f赵思家著@zeng |
| 210 | @a长沙@c湖南科学技术出版社@d2016 | |
| 215 | @a17,231页@c图@d24cm@e1大脑效率手册 | |
| 312 | @a封面英文题名:Guide to the brain | |
| 330 | @a本书共分五部分,内容包括:大脑是个什么玩意儿;其实我们活在大脑创造的虚拟世界里;我们应该科学地找对象;“我是谁”“从哪里来”“到哪里去”;加上神经科学的光环,是科幻,还是未来。 | |
| 510 | 1 | @aGuide to the brain@zeng |
| 517 | 1 | @a其实你活在大脑创造的虚拟世界里@9qi shi ni huo zai da nao chuang zao de xu ni shi jie li |
| 606 | 0 | @a大脑@9da nao@x基本知识 |
| 690 | @aR338.2@v5 | |
| 701 | 0 | @a赵思家@9zhao si jia@4著 |
| 801 | 0 | @aCN@b百万庄@c20170308 |
| 905 | @b1001596-601@dR338.2@e269@f6 | |
| 大脑使用指南=Guide to the brain:其实你活在大脑创造的虚拟世界里/赵思家著.-长沙:湖南科学技术出版社,2016 |
| 17,231页:图;24cm+1大脑效率手册 |
| ISBN 978-7-5357-9081-1:CNY45.00 |
| 本书共分五部分,内容包括:大脑是个什么玩意儿;其实我们活在大脑创造的虚拟世界里;我们应该科学地找对象;“我是谁”“从哪里来”“到哪里去”;加上神经科学的光环,是科幻,还是未来。 |
| ● |
| 相关链接 |
|
|
|
|
正题名:大脑使用指南
索取号:R338.2/269
 
预约/预借
| 序号 | 登录号 | 条形码 | 馆藏地/架位号 | 状态 | 备注 |
| 1 | 1001596 | 210015963 | 第二样本阅览室/ [索取号:R338.2/269] | 在馆 | |
| 2 | 1001597 | 210015972 | 教育系资料室/ [索取号:R338.2/269] | 在馆 | |
| 3 | 1001598 | 210015981 | 教育系资料室/ [索取号:R338.2/269] | 在馆 | |
| 4 | 1001599 | 210015990 | 教育系资料室/ [索取号:R338.2/269] | 在馆 | |
| 5 | 1001600 | 210016007 | 第三借阅区/ [索取号:R338.2/269] | 在馆 | |
| 6 | 1001601 | 210016016 | 第三借阅区/ [索取号:R338.2/269] | 在馆 |